ASEAN-MAFF Japan project on multifunctionality of agriculture (Record no. 17576)

000 -LEADER
fixed length control field 00838cam a2200217Ia 4500
040 ## - CATALOGING SOURCE
Transcribing agency COO
082 ## - DEWEY DECIMAL CLASSIFICATION NUMBER
Classification number 338 MIN 2006 A117 Or.
245 00 - TITLE STATEMENT
Title ASEAN-MAFF Japan project on multifunctionality of agriculture
Remainder of title final report : country case studies on multifunctionality of agriculture in ASEAN countries
246 30 - VARYING FORM OF TITLE
Title proper/short title Country case studies on multifunctionality of agriculture in ASEAN countries
260 ## - PUBLICATION, DISTRIBUTION, ETC. (IMPRINT)
Place of publication Jakarta :
Name of publisher ASEAN Secretariat ;
Place of publication Tokyo :
Name of publisher Ministry of Agriculture, Forestry and Fisheries of Japan,
Year of publication 2006
300 ## - PHYSICAL DESCRIPTION
Number of Pages 1 CD-ROM (viii, 431 p.) :
Other physical details col. ill., col. maps ;
Dimensions 4 3/4 in
500 ## - GENERAL NOTE
General note Title from title screen
650 #0 - SUBJECT ADDED ENTRY--TOPICAL TERM
Topical Term Agriculture
650 #0 - SUBJECT ADDED ENTRY--TOPICAL TERM
Topical Term Agriculture
650 #0 - SUBJECT ADDED ENTRY--TOPICAL TERM
Topical Term Agriculture
650 #0 - SUBJECT ADDED ENTRY--TOPICAL TERM
Topical Term Rural development
650 #0 - SUBJECT ADDED ENTRY--TOPICAL TERM
Topical Term Agriculture and state
710 2# - ADDED ENTRY--CORPORATE NAME
Corporate name or jurisdiction name as entry element ASEAN.
710 1# - ADDED ENTRY--CORPORATE NAME
Corporate name or jurisdiction name as entry element Japan.
942 ## - ADDED ENTRY ELEMENTS (KOHA)
Koha item type ADB
952 ## - LOCATION AND ITEM INFORMATION (KOHA)
Withdrawn status [LOCAL, KOHA] 0
Holdings
Permanent Location Date acquired Koha item type Lost status Shelving location Barcode Current Location Full call number
Library Block A2018-12-18សៀវភៅភាសាអង់គ្លេស A117A40759Library Block A338 MIN 2006 A117 Or.
មជ្ឈមណ្ឌលឯការនៃសាកលវិទ្យាល័យភូមិន្ទកសិកម្មចំការដូង

Powered by Koha